00345nam a2200133Ia 4500008004100000041000800041082001500049100001900064245003900083250001400122260003700136300003100173365000700204240624s9999 xx 000 0 und d aeng a658.15 APT aAPTE PRAKASH G aINTERNATIONAL FINANCIAL MANAGEMENT a(3rd ed.) c2004aNew DelhibTata McGrawhill axvi, : 636 : p. : cm. ; 24 cRS